000 00436nam a2200133 a 4500
001 000003041
005 20200929150320.0
008 090706s2004 dr a 001 0 spa d
040 _aDO-SdBNP
_bspa
_cBNPHU
082 _axxxx
_bP699o
245 0 0 _aPlan operativo estratégico 2000-2015.
260 _aSan Juan de la Maguana, :
_bAsociación Miembros del Comité Agropecuario Unitario de San Juan,
_c[200?].
300 _a22 p. :
_bil. ;
_c23 cm.
999 _c2872
_d2872